01070nam a2200289 a 4500001001000000003000900010005001700019007000300036008003800039020001500077040003000092082002300122245016800145264006100313300002900374336002700403337003300430338002800463490003500491650002700526650003300553650003400586650005000620700005000670700003000720700003000750000024434DO-SdBPM20260218095739.0ta110127s1978 xxu r 000 | spa d a9568114416 aDO-SdBPMbspacBPMSUdrda 4a300.72b M593c22200aMagister en ciencias sociales :b Métodos cualitativos y cuantitativos / cCoordinador Miguel Ángel Arredondo J., Máximo González S., Alejandro Herrera B.  a[sin lugar :bSociedad Educional La Araucana , c[200-?] a362 páginas ;c22 cm. atextobtxt2rdacontent asin mediaciónbn2rdamedia avolumenbnc2rdacarrier0 aMagister en ciencias Sociales  7aInvestigación social 7aInvestigación cualitativa. 7aInvestigación cuantitativa. 7aInvestigación cuantitativa.xMetodología 1 a Arredondo J., Miguel Ángel e coordinador 1 a Gonzáles S., Máximo 1 aHerrera B., Alejandro e